Perorálna rehydratačná terapia hnačiek teliat

Bibliographic Details
Main Author: Hlinčíková, Sabína (Author)
Format: Article
Language:Slovak
PhysicalDescription:Tab.
ISSN:1335-1990
Subjects:

MARC

LEADER 00000nab a2200000 a 4500
001 vtls010081713
003 SK-MaSNL
005 20260304214839.0
008 250507c2010 xo |||||||||||000 b|slo
015 |a SNBRB2010/03  |2 snkbucl 
035 |a urn:nbn:sk:snk-ab884b 
035 |a (urnnbn)urn:nbn:sk:snk:ar-006q0e 
035 |a (uuid)4b29936b-ffbd-4584-93a4-9e4775393e7c 
038 |a SNKBUCL 
040 |a SNKBUCL  |b slo  |c SNKBUCL  |e AACR2 
041 0 |a slo 
044 |a xo  |c SK 
080 |a 636.2.09:616.34-008.314.4-08  |2 1997 
100 1 |a Hlinčíková, Sabína  |4 aut  |9 781994 
245 1 0 |a Perorálna rehydratačná terapia hnačiek teliat  |c Sabína Hlinčíková 
300 |b Tab. 
650 0 7 |a teľatá  |2 snkbucl  |9 2830 
650 0 7 |a hnačka  |2 snkbucl  |9 16274 
650 0 7 |a terapia  |2 snkbucl  |9 781 
650 0 7 |a rehydratácia  |2 snkbucl  |9 939929 
650 0 7 |a perorálne prípravky  |2 snkbucl  |9 353780 
773 0 |t Slovenský chov  |g Roč. XV, č. 2 (2010), s. 37  |x 1335-1990 
850 |a Slovenská národná knižnica 
852 |a Slovenská národná knižnica 
954 |a odborná, vedecká literatúra pôvodná (slovenská)  |2 lita 
958 |a article9 
958 |a OND 
958 |a EUIPO 
999 |c 3143545  |d 3145475